| 000 | 01666cam a2200349 i 4500 | ||
|---|---|---|---|
| 001 | in502758031 | ||
| 003 | Ingram | ||
| 005 | 20251006190159.0 | ||
| 008 | 201008s2024 nyu d 000 0aeng d | ||
| 020 |
_a9780062954855 _q(paperback ; _qlarge print) |
||
| 040 |
_aTnLvILS _beng _erda _cTnLvILS _dTnLvILS |
||
| 043 | _an-us--- | ||
| 092 |
_alarge print _bSelleck, Tom |
||
| 100 | 1 |
_aSelleck, Tom, _d1945- _eauthor. _924610 |
|
| 245 | 1 | 0 |
_aYou never know : _ba memoir / _cTom Selleck with Ellis Henican. |
| 250 | _aLarge print edition. | ||
| 264 | 1 |
_aNew York, NY : _bHarper Large Print, an imprint of HarperCollinsPublishers, _c2024. |
|
| 264 | 4 | _c©2024. | |
| 300 |
_a544 pages (large print) : _bcolor illustrations ; _c22 cm. |
||
| 336 | _atext | ||
| 337 | _aunmediated | ||
| 338 | _avolume | ||
| 520 | _a"In his own voice and ... unpretentious style, the famed actor brings readers on his uncharted but serendipitous journey to the top in Hollywood, his temptations and distractions, his misfires and mistakes and, over time, his well-earned success. Along the way, he clears up an armload of misconceptions and shares dozens of never-told stories from all corners of his personal and professional life"-- | ||
| 600 | 1 | 0 |
_aSelleck, Tom, _d1945- _924610 |
| 650 | 0 |
_aTelevision actors and actresses _zUnited States _vBiography. _95694639 |
|
| 650 | 0 |
_aMotion picture actors and actresses _zUnited States _vBiography. _95685143 |
|
| 650 | 0 | _aLarge type books. | |
| 655 | 7 |
_aLarge print books. _2lcgft. _95777956 |
|
| 655 | 7 |
_aAutobiographies. _2lcgft. |
|
| 700 | 1 |
_aHenican, Ellis, _eauthor. _95887616 |
|
| 942 |
_2ddc _cBOOK |
||
| 999 |
_c412331 _d412331 |
||